ՀՀ Գիտությունների ազգային ակադեմիայի հիմնարար գիտական գրադարան  =   Fundamental Scientific Library of NAS RA
Normal view MARC view

Entry Personal Name

Number of records used in: 4

001 - CONTROL NUMBER

  • control field: 766

003 - CONTROL NUMBER IDENTIFIER

  • control field: AM-YEHGA

005 - DATE AND TIME OF LATEST TRANSACTION

  • control field: 20250617070422.0

008 - FIXED-LENGTH DATA ELEMENTS

  • fixed length control field: 040902 a|ac|n|aab||||||||||||a |n|||||||

040 ## - CATALOGING SOURCE

  • Original cataloging agency: AM-YEHGA

100 1# - HEADING--PERSONAL NAME

  • Personal name: Շահնազարյան, Օշին,
  • Dates associated with a name: 1875-1915

400 1# - SEE FROM TRACING--PERSONAL NAME

  • Personal name: Շահնազարեան, Օշին,
  • Dates associated with a name: 1875-1915

400 1# - SEE FROM TRACING--PERSONAL NAME

  • Personal name: Շահնազարյան, Օշին,
  • Titles and other words associated with a name: քահանա,
  • Dates associated with a name: 1875-1915

400 1# - SEE FROM TRACING--PERSONAL NAME

  • Personal name: Աշուղյան Բեյբութեանց, Մարտիրոս,
  • Dates associated with a name: 1875-1915

400 1# - SEE FROM TRACING--PERSONAL NAME

  • Personal name: Աշուղյան-Բեյբութեանց, Մարտիրոս,
  • Dates associated with a name: 1875-1915

400 0# - SEE FROM TRACING--PERSONAL NAME

  • Personal name: Օշին քահանա,
  • Dates associated with a name: 1875-1915

400 1# - SEE FROM TRACING--PERSONAL NAME

  • Personal name: Шахназарян, Ошин,
  • Dates associated with a name: 1875-1915

400 1# - SEE FROM TRACING--PERSONAL NAME

  • Personal name: Shahnazaryan, Oshin,
  • Dates associated with a name: 1875-1915

500 0# - SEE ALSO FROM TRACING--PERSONAL NAME

  • Personal name: Աշուղ Շահնազար,
  • Dates associated with a name: 1875-1915

670 ## - SOURCE DATA FOUND

  • Source citation: Հովակիմյան Բախտիար։ Հայոց ցեղասպանության նահատակ գործիչների ծածկանուններ, 2002 :
  • Information found: էջ70 (Շահնազարյան (Աշուղյան Բեյբութեանց Մարտիրոս) Օշին քահանա (ծ. 1875թ. Վանում - սպանվելէ 1915թ. Պեյնամի ձորում) - բանաստեղծ)

678 ## - BIOGRAPHICAL OR HISTORICAL DATA

  • Biographical or historical data: Հայոց ցեղասպանության նահատակ


ՀՀ ԳԱԱ հիմնարար գիտական գրադարան
ՀՀ,Երևան 0019
Մարշալ Բաղրամյան 24/6
հեռախոս:(374-10) 52-47-50
Հետադարձ կապ

All site content, except where otherwise noted, is licensed under a
Creative Commons License